Method for determination of reid vapour pressure of petroleum products (Record no. 73065)

MARC details
000 -LEADER
fixed length control field 00420nam a2200133Ia 4500
245 #0 - TITLE STATEMENT
Title Method for determination of reid vapour pressure of petroleum products
260 ## - PUBLICATION, DISTRIBUTION, ETC. (IMPRINT)
Place of publication London
260 ## - PUBLICATION, DISTRIBUTION, ETC. (IMPRINT)
Year of publication 1961
Name of publisher British Standards Institution
490 ## - SERIES STATEMENT
Series statement British Standards
500 ## - GENERAL NOTE
General note Standard number: BS 3325
650 ## - SUBJECT ADDED ENTRY--TOPICAL TERM
Topical Term Petroleum products-reid vapour pressure
942 ## - ADDED ENTRY ELEMENTS (KOHA)
Koha item type Standards
Holdings
Withdrawn status Lost status Damaged status Not for loan Home library Current library Date acquired Koha item type
      Standards RRII Library RRII Library 31/12/2021 Standards